Textbook of prosthodontics / (Record no. 36758)

MARC details
000 -LEADER
fixed length control field 00542nam a22001937a 4500
005 - DATE AND TIME OF LATEST TRANSACTION
control field 20241105153440.0
008 - FIXED-LENGTH DATA ELEMENTS--GENERAL INFORMATION
fixed length control field 241105b |||||||| |||| 00| 0 eng d
020 ## - INTERNATIONAL STANDARD BOOK NUMBER
ISBN 81-8061-199-X
082 ## - DEWEY DECIMAL CLASSIFICATION NUMBER
Classification number 617.69
Item number RAN-T
100 ## - MAIN ENTRY--AUTHOR
Author Name Rangarajan, V.
245 ## - TITLE STATEMENT
Title Textbook of prosthodontics /
Statement of responsibility, etc. by V Rangarajan, TV Padmanabhan.
250 ## - EDITION STATEMENT
Edition statement 2nd ed.
260 ## - PUBLICATION, DISTRIBUTION, ETC.
Place of Publication India :
Name of publisher, distributor, etc. Elsevier ;
Date of publication, distribution, etc. 2003 .
300 ## - PHYSICAL DESCRIPTION
Pages xix, 844 p. :
500 ## - GENERAL NOTE
General note Include Index.
650 ## - SUBJECT ADDED ENTRY--TOPICAL TERM
Subject / Department Medical / Dentistry
700 ## - ADDED ENTRY--PERSONAL NAME
Personal name TV Padmanabhan.
300 ## - PHYSICAL DESCRIPTION
-- ill. ;
-- 28 cm.
952 ## - LOCATION AND ITEM INFORMATION (KOHA)
-- 0
-- 0
952 ## - LOCATION AND ITEM INFORMATION (KOHA)
-- 0
-- 0
Holdings
Lost status Damaged status Collection code Permanent Location Current Location Shelving Location Date acquired Full Call Number Accession No./Barcode Date last seen Copy number item type Koha item type
    Medical Superior Information Resource Center (SIRC) Superior University- Main Campus Superior Information Resource Center (SIRC) Superior University- Main Campus Dentistry 11/05/2024 617.69 RAN-T 2003 29734 11/05/2024 1 BOOK BOOK
    Medical Superior Information Resource Center (SIRC) Superior University- Main Campus Superior Information Resource Center (SIRC) Superior University- Main Campus Dentistry 11/05/2024 617.69 RAN-T 2003 29735 04/20/2026 2 BOOK BOOK

Powered by Koha